000 00328nam a2200145Ia 4500
008 230312s9999||||xx |||||||||||||| ||und||
020 _a0-691-15781-8
082 _a720.19
_bKNO-A
100 _aKnox; Paul
245 0 _aAtlas of Cities
260 _bOxford
_aUS
_c2014
300 _a256
650 _aArchitecture
942 _cBK
999 _c11875
_d11875